| 000 | 00916nam a2200241Ia 4500 | ||
|---|---|---|---|
| 001 | 16194 | ||
| 003 | GE_BSU | ||
| 008 | 181216s||||||||xx |||||||||||||| ||und|| | ||
| 020 | _aISBN 978-9941-430-63-3 | ||
| 040 | _cGE_BSU | ||
| 080 | _a821.112.2-31 + 821.112.2.03=353.1 | ||
| 100 | _aიელინეკი, ელფრიდე | ||
| 245 | _aპიანისტი ქალი | ||
| 245 | _bრომანი | ||
| 245 | _cგერმ. თარგმნა ლაშა დადიანმა;მხატვ:ი.ხელაია | ||
| 250 | _a(ნობელის პრემიის ლაურეატები)საგამომც. პროექტის ავტ. კახმეგ კუდავა | ||
| 260 | _aთბილისი | ||
| 260 | _bინტელქტი | ||
| 260 | _c2011 | ||
| 300 | _a288გვ. ; 20სმ. | ||
| 541 | _h8ლ.50თ | ||
| 942 | _cBK | ||
| 999 |
_c49278 _d49278 |
||